000 00291nam a2200109Ia 4500
008 220204s9999 xx 000 0 und d
082 _a929A/Z(VIJ)
_bVIJ
100 _aVijaya Lakshmi Pandit
245 0 _aScope of happiness: A personal memoir
260 _aNew Delhi
_bVikas
_c1979
942 _cBK
999 _c34083
_d34083